| 000 | 00754nam a22002177a 4500 | ||
|---|---|---|---|
| 005 | 20220723095108.0 | ||
| 008 | 220723b ||||| |||| 00| 0 eng d | ||
| 020 | _a8173151253 | ||
| 040 | _cAloy | ||
| 041 | _ahin | ||
| 082 |
_223 _aH891.4 _bPRAM |
||
| 100 |
_aMatha Prasad: माता प्रसाद _952945 |
||
| 245 |
_aManoram bhoomi Arunachal: _b मनोरम भूमि अरुणाचल |
||
| 260 |
_aDilli _bPrabhat Prakashan _c1995 |
||
| 300 |
_a308p. _bHB _c22x14cm. |
||
| 365 | _2Hindi | ||
| 650 |
_aHindi Prose: हिंदी गध्य _952935 |
||
| 650 |
_aHindi Literature: हिंदी साहित्य _952936 |
||
| 700 |
_aPRASAD (Matha): प्रसाद (माता) _952937 |
||
| 942 |
_2ddc _cGF |
||
| 999 |
_c224131 _d224131 |
||